00978nam a2200217 a 450000100100000000500170001000800410002704000250006804100390009308200130013210000180014524000720016324501190023526001320035430000280048649000450051453400950055970000330065470000280068783000450071500002350820200930022253.0101210s1974 ag 000 0 spa d aDO-SdBNPbspacBNPHU17aspaheng2Código de idiomas MARC ann*bnn*1 aSmith, Lee L.10aA practical approach to the nongraded elementary school.lEspañol13aLa realidad de la escuela sin grados /cLee L. Smith ; prefacio John l. Carnochan ; traducción Aníbal C. Leal. aBuenos Aires :bÁngel Estrada y Cía ;bCentro Regional de Ayuda Técnica. Agencia para el Desarrollo Internacional,c1974. a245 p. :bil. ;c19 cm.1 aBiblioteca de Ciencias de la Educación aTítulo de la obra en inglés :tA practical approach to the nongraded elementary school1 aCarnochan, John L.,epról.1 aLeal, Aníbal C.,etr. 0aBiblioteca de Ciencias de la Educación